000 00747nam a2200253Ia 4500
003 OSt
005 20220925222754.0
006 a|||||r|||| 00| 0
007 ta
008 220923b |||||||| |||| 00| 0 eng d
037 _cGeneral Book
040 _aRTL
_cRTL
_beng
041 _2eng
_aeng
082 _aYxM58:g(W), M6
100 _aGIDDENS Anthony Ed.
_931709
245 0 _aDurkheim on politics and the state. Ed by Anthony Giddens.
260 _aLondon
_bPolity Press
_c1986
300 _a250p
_ccm.
490 _aSocial and Political Theory
650 _aSOCIOLOGY
700 _a HALLS W D Tr.
_9288271
942 _hYxM58:g(W), M6
_cGB
_2CC
999 _c577739
_d577739